Jazyk a identita etnických menšin možnosti zachování a revitalizace

Bibliographic Details
Main Author: Šatava, Leoš, 1954- (Author)
Format: Book
Language:Czech
PhysicalDescription:215 s. 20 cm
Published: Praha Sociologické nakladatelství (Slon) 2009
ISBN:9788086429830
Edition:1. vyd.
Series:Studijní texty (Sociologické nakladatelství)
Subjects:

MARC

LEADER 00000cam a2200000 a 4500
001 vtls009489295
003 SK-MaSNL
005 20260301024715.0
008 251124s2009 xr g af 001 0 cze
020 |a 9788086429830  |q (brož.) 
040 |a SNK  |b slo  |c SNK  |e AACR2 
041 0 |a cze  |b eng 
044 |a xr  |c CZ 
072 7 |a 81  |x Lingvistika. Jazyky  |2 konspekt 
080 |a 323.15  |2 2001 
080 |a 316.347  |2 2001 
080 |a 81'2/'44  |2 2001 
080 |a 81:574  |2 2001 
080 |a (035)  |2 2001 
100 1 |a Šatava, Leoš,  |d 1954-  |4 aut  |9 121005 
245 1 0 |a Jazyk a identita etnických menšin  |b možnosti zachování a revitalizace  |c Leoš Šatava 
250 |a 1. vyd. 
260 |a Praha  |b Sociologické nakladatelství (Slon)  |c 2009 
300 |a 215 s.  |c 20 cm 
490 1 |a Studijní texty  |v sv. 43 
500 |a Celkove 2. vyd. 
504 |a Obsahuje bibliogr., bibliografické odkazy a reg. 
546 |a Angl. res. 
650 0 7 |a národnostné menšiny  |2 SNKPH  |9 2669 
650 0 7 |a ekolingvistika  |2 SNKPH  |9 87579 
650 0 7 |a National minorities  |2 SNKPHeng  |9 319215 
650 0 7 |a Ethnicity  |2 SNKPHeng  |9 268216 
650 0 7 |a National minorities  |x linguistics aspects  |2 SNKPHeng  |9 319216 
650 0 7 |a etnicita  |2 SNKPH  |9 4899 
650 0 7 |a národnostné menšiny  |x jazykové aspekty  |2 SNKPH  |9 319217 
650 0 7 |a Ecolinguistics  |2 SNKPHeng  |9 319218 
655 7 |a príručky  |2 SNKPH  |9 74364 
655 7 |a Handbooks, manuals, etc.  |2 SNKPHeng  |9 90964 
830 0 |a Studijní texty (Sociologické nakladatelství)  |9 319219 
919 |a 978-80-86429-83-0 
999 |c 571668  |d 573598 
952 |t snkSAT 800  |a SNKUST  |b SNKUST  |y PREZ  |7 0  |p 17A0641833  |o snkID 98370  |i snk2010/965  |8 4  |g 10.27  |0 0  |1 0  |4 0  |d 2009-11-25  |l 0  |r 2025-04-28 00:00:00  |w 2026-02-23